Manažerské znalosti a dovednosti
Na minha lista:
| Autor principal: | |
|---|---|
| Outros Autores: | |
| Formato: | Livro |
| Idioma: | eslovaco inglês |
| Publicado em: |
Praha
Grada Publishing
1996
|
| Edição: | 1. vyd. |
| Assuntos: | |
| Acesso em linha: | View in OPAC |
| Tags: |
Sem tags, seja o primeiro a adicionar uma tag!
|
MARC
| LEADER | 00000nam a22000001i 4500 | ||
|---|---|---|---|
| 005 | 20260127133943.0 | ||
| 008 | 090724s1996 SK r 000 slo d | ||
| 020 | |a 8071693472 | ||
| 035 | |a vtls009633702 | ||
| 035 | |a (SVKBBclas03)vtls000003224 | ||
| 039 | 9 | |a 201309061636 |b msvkbb09 |y 200907242037 |z VLOAD | |
| 040 | |a SVKBB |b slo |c SVKBB |e AACR2 | ||
| 041 | 1 | |a slo |h eng | |
| 080 | |a 65.012.43 | ||
| 100 | 1 | |a Tepper, Bruce B. | |
| 245 | 0 | 0 | |a Manažerské znalosti a dovednosti |c Bruce B. Tepper; z angl. orig. prel. Stanislav Jurnečka |
| 250 | |a 1. vyd. | ||
| 260 | |a Praha |b Grada Publishing |c 1996 | ||
| 300 | |a 110 s. |b Tab. |c 20 cm | ||
| 653 | |a manažérstvo - manažéri linioví - príručky. | ||
| 700 | 1 | |a Jurnečka, Stanislav. |4 prekl. | |
| 999 | |c 792 |d 792 | ||